|
|
|
|
| LEADER |
01587nam a2200313 4500 |
| 001 |
36915 |
| 003 |
BD-DhAAL |
| 005 |
20211111105800.0 |
| 008 |
200115t2016 bg ad||| |||| 00| 0 ben d |
| 999 |
|
|
|c 41710
|d 41710
|
| 020 |
|
|
|a 9789849216414
|
| 040 |
|
|
|a BD-DhAAL
|
| 041 |
|
|
|a ben
|
| 082 |
|
|
|a 005.133
|2 23
|
| 100 |
|
|
|a হাসান, মো: মাহবুবুল
|9 38964
|
| 245 |
|
|
|a প্রোগ্রামিং কনটেস্ট ডেটা স্ট্রাকচার ও অ্যালগরিদম /
|c মো: মাহবুবুল হাসান
|
| 246 |
|
|
|a Programming contest :
|b data structure and algorithm
|
| 260 |
|
|
|a ঢাকা :
|b দ্বিমিক প্রকাশনী,
|c ২০১৬
|
| 300 |
|
|
|a ২৭৫ পৃষ্ঠা ;
|c ২৪ সে.মি.
|
| 526 |
|
|
|a CSE
|
| 541 |
|
|
|a Book Finder International
|e 36915, 36916
|
| 650 |
|
|
|a Data structures (Computer science).
|9 38965
|
| 650 |
|
|
|a Computer algorithms.
|9 38966
|
| 650 |
|
|
|a Computer science.
|9 42528
|
| 650 |
|
|
|a Computer programming.
|9 38967
|
| 852 |
|
|
|a Ayesha Abed Library
|c General Stacks
|
| 942 |
|
|
|2 ddc
|c BK
|
| 952 |
|
|
|0 0
|1 0
|2 ddc
|4 0
|6 005_133000000000000_HAS
|7 0
|9 67647
|a BRACUL
|b BRACUL
|c GEN
|d 2020-01-02
|e Book Finder International
|g 324.00
|l 15
|m 177
|o 005.133 HAS
|p 3010036916
|q 2026-05-19
|r 2025-10-12
|s 2025-10-12
|t 2
|v 324.00
|w 2020-01-02
|y BK
|
| 952 |
|
|
|0 0
|1 0
|2 ddc
|4 0
|6 005_133000000000000_HAS
|7 0
|9 67648
|a BRACUL
|b BRACUL
|c GEN
|d 2020-01-02
|e Book Finder International
|g 324.00
|l 13
|m 149
|o 005.133 HAS
|p 3010036915
|q 2026-03-04
|r 2025-03-09
|s 2025-03-09
|t 1
|v 324.00
|w 2020-01-02
|y BK
|